| 000 | cas a22 a 4500 | ||
|---|---|---|---|
| 999 |
_c2377 _d2377 |
||
| 003 | AKMAL | ||
| 005 | 20170516113336.0 | ||
| 008 | 170516c19969999my fr0p 0 a0eng d | ||
| 040 | _aAKMAL | ||
| 082 | 0 | 4 |
_a526.32595 BUL _222 |
| 090 | 0 | 0 |
_a526.32595 _bBUL |
| 245 | 0 | 0 | _aBuletin GIS |
| 260 |
_aKuala Lumpur : _bJabatan Ukur dan Pemetaan, _c1996- |
||
| 300 |
_aj. : _bil. wrn. ; _c29 cm. |
||
| 362 | 0 | _aBil. 1 (1996)- | |
| 650 | 1 | 0 |
_aMaps _xPeriodicals _zMalaysia _94947 |
| 650 | 2 | 0 |
_aMap reading _xPeriodicals _zMalaysia _94948 |
| 650 | 2 | 0 |
_aDigital mapping _xPeriodicals _94949 |
| 650 | 2 | 0 |
_aGeographic information systems _vPeriodicals _94950 |
| 710 | 2 |
_aJawatankuasa Pemetaan dan Data Spatial Negara _94951 |
|
| 710 | 1 |
_aMalaysia. _bJabatan Ukur dan Pemetaan. _bBahagian Pengeluaran Pemetaan _94952 |
|
| 942 |
_2ddc _cBOOK |
||